000 01074nam a2200265Ia 4500
003 OSt
005 20221005104352.0
006 a|||||r|||| 00| 0
007 ta
008 221004b |||||||| |||| 00| 0 hin d
020 _a9789388789042 (hbk)
_cINR 2500.00
024 _a66168
037 _b285, 22/01/2020, Eastern Book Linkers
_cTextual
040 _aCRL
_cCRL
_bhin
041 _2hin
_ahin
082 _aND4471,9, 152Q9
100 _aलोट, रितेश, ले.
245 0 _aप्राचीन मालवा की शैलोत्कीर्ण स्थापत्य एवं कला
246 _aPrāchīn mālavā kī shailotkīrṇa sthāpatya evan kalā
260 _aदिल्ली
_bबी. आर. पब्लिशिंग कार्पोरेशन भारत
_c2019
300 _a210पृ0
_ccm.
650 _aललित कला
_9156314
942 _hND4471,9, 152Q9
_cTEXL
_2cc
999 _c1012484
_d1012484